|
|
|
|
| LEADER |
01320nam a2200265 a 4500 |
| 001 |
GR-MES2189 |
| 008 |
991111s1992 gr 000 0 gre d |
| 020 |
|
|
|a 9602362758
|
| 040 |
|
|
|a GrPaTEI
|b gre
|c GR-PaULI
|
| 245 |
0 |
3 |
|a Οι ελληνικές επιχειρήσεις στη δίνη της ΕΟΚ :
|b Ενας πρακτικός οδηγός για το σύγχρονο Ελληνα επιχειρηματία.
|
| 260 |
|
|
|a Αθήνα :
|b Νέα Σύνορα,
|c 1992
|
| 300 |
|
|
|a 226σελ.
|
| 500 |
|
|
|a βιβλιογραφία:σελ(225-226)
|
| 650 |
|
4 |
|a ΕΛΛΗΝΙΚΕΣ ΕΠΙΧΕΙΡΗΣΕΙΣ
|
| 650 |
|
4 |
|a ΕΟΚ
|
| 650 |
|
4 |
|a ΕΥΡΩΠΑΙΚΗ ΚΟΙΝΟΤΗΤΑ
|
| 650 |
|
4 |
|a Λογιστική
|
| 650 |
|
4 |
|a Φορολογία
|
| 700 |
1 |
|
|a Τσίρος, Κώστας
|
| 710 |
0 |
|
|a Νέα Σύνορα
|
| 942 |
|
|
|2 ddc
|
| 952 |
|
|
|0 0
|1 0
|2 ddc
|4 0
|6 337_142000000000000_ΤΣΙ
|7 0
|9 266508
|a MSLG
|b MSLG
|c BSC
|d 2021-01-17
|e 24
|f 0
|g 0.00
|l 0
|o 337.142 ΤΣΙ
|p 2420000009276
|r 2021-01-17 00:00:00
|t 1
|w 2021-01-17
|y BK15
|x 19991111 0 1
|x GrPaTEI
|
| 952 |
|
|
|0 0
|1 0
|2 ddc
|4 0
|6 337_142000000000000_ΤΣΙ
|7 0
|9 321991
|a MSLG
|b MSLG
|c BSC
|d 2021-01-23
|e 24
|f 0
|g 0.00
|l 0
|o 337.142 ΤΣΙ
|p 2420000017052
|r 2021-01-23 00:00:00
|t 1
|w 2021-01-23
|y BK15
|x 20000203 0 1
|x GrPaTEI
|
| 971 |
|
|
|a .b2573233x
|b 16-04-20
|c 13-09-16
|
| 999 |
|
|
|c 153329
|d 153329
|